000 00420nab a2200145Ia 4500
003 ES-SlBCS
005 20210601125448.0
008 140529s1980-81 xxu||||| |||| 00| 0 eng d
041 _aeng
100 1 _aLeclerc, Ivor
_9140784
245 0 4 _aThe Ontology of Descartes
_c Ivor Leclerc
600 1 4 _aDescartes-Ontología
_9158949
773 0 _tReview of Methaphysics
_gvol. 34, 1980-81, págs. 297-324
_wRev843
942 _cAR
999 _c530738
_d530738